Statistics for Top 25 Trading Partners - South Africa

Click here to take the quiz!

General Stats

  • This quiz has been taken 27 times
  • The average score is 44 of 50

Answer Stats

HintAnswer% Correct
1st Place: 8,551China
100%
1st Place: 17,088China
100%
11th Place: 2,064France
100%
24th Place: 799France
100%
8th Place: 2,891United Kingdom
100%
4th Place: 4,810United Kingdom
100%
3rd Place: 5,546United States of America
100%
3rd Place: 6,359United States of America
100%
5th Place: 3,842India
96%
5th Place: 4,501India
96%
13th Place: 1,435United Arab Emirates
96%
14th Place: 1,917United Arab Emirates
96%
15th Place: 1,310Australia
93%
23rd Place: 863Australia
93%
7th Place: 4,067Botswana
93%
12th Place: 1,481Brazil
93%
19th Place: 1,277DR Congo
93%
22nd Place: 949Italy
93%
10th Place: 2,568Italy
93%
9th Place: 3,181Mozambique
93%
23rd Place: 981Mozambique
93%
25th Place: 943Namibia
93%
8th Place: 3,590Namibia
93%
18th Place: 1,146Netherlands
93%
10th Place: 3,141Netherlands
93%
6th Place: 3,835Nigeria
93%
13th Place: 2,312Zimbabwe
93%
16th Place: 1,282Angola
89%
2nd Place: 9,131Germany
89%
2nd Place: 6,697Germany
89%
4th Place: 5,410Saudi Arabia
89%
16th Place: 1,403Spain
89%
14th Place: 1,378Spain
89%
21st Place: 1,046Belgium
85%
11th Place: 2,439Belgium
85%
6th Place: 4,476Japan
85%
9th Place: 2,855Japan
85%
18th Place: 1,313Lesotho
85%
17th Place: 1,370Eswatini
81%
17th Place: 1,217Eswatini
81%
25th Place: 791Indonesia
81%
15th Place: 1,897South Korea
81%
20th Place: 1,047South Korea
81%
12th Place: 2,424Zambia
81%
20th Place: 972Pakistan
74%
24th Place: 954Sweden
74%
21st Place: 959Switzerland
74%
22nd Place: 1,009Malaysia
63%
7th Place; 2,902Thailand
63%
19th Place: 1,112Oman
48%

Score Distribution

Percentile by Number Answered

Percent of People with Each Score

Your Score History

You have not taken this quiz